<?xml version="1.0" encoding="UTF-8"?>
<record
    xmlns:xsi="http://www.w3.org/2001/XMLSchema-instance"
    xsi:schemaLocation="http://www.loc.gov/MARC21/slim http://www.loc.gov/standards/marcxml/schema/MARC21slim.xsd"
    xmlns="http://www.loc.gov/MARC21/slim">

  <leader>01519    a2200229   4500</leader>
  <controlfield tag="001">12734</controlfield>
  <controlfield tag="005">20260407155440.0</controlfield>
  <controlfield tag="008">260407a2008    arg                 spa d</controlfield>
  <controlfield tag="003">AR-UNSa-BCEJYS</controlfield>
  <datafield tag="040" ind1=" " ind2=" ">
    <subfield code="a">AR-UNSa-BCEJYS</subfield>
    <subfield code="b">spa</subfield>
    <subfield code="c">AR-UNSa-BCEJYS</subfield>
  </datafield>
  <datafield tag="080" ind1=" " ind2=" ">
    <subfield code="a">94:33</subfield>
    <subfield code="x">Historia econ&#xF3;mica</subfield>
  </datafield>
  <datafield tag="245" ind1="1" ind2="0">
    <subfield code="a">Historia econ&#xF3;mica y social del mundo contempor&#xE1;neo</subfield>
    <subfield code="p">ejes para su comprensi&#xF3;n</subfield>
  </datafield>
  <datafield tag="020" ind1=" " ind2=" ">
    <subfield code="a">978-987-01-0806-1</subfield>
  </datafield>
  <datafield tag="264" ind1=" " ind2="1">
    <subfield code="a">Buenos Aires :</subfield>
    <subfield code="b">Errepar</subfield>
    <subfield code="c">2008</subfield>
  </datafield>
  <datafield tag="300" ind1=" " ind2=" ">
    <subfield code="a">xii, 193 p.</subfield>
    <subfield code="c">27 cm.</subfield>
  </datafield>
  <datafield tag="505" ind1=" " ind2=" ">
    <subfield code="a">1. Una introducci&#xF3;n al mundo contempor&#xE1;neo - 2. La revoluci&#xF3;n industrial en Inglaterra - 3. Cambios sociales y pol&#xED;ticos y avances del capitalismo industrial - 4. La segunda revoluci&#xF3;n industrial - 5. Los Estados Unidos de Am&#xE9;rica: surgimiento de una naci&#xF3;n industrial - 6. Europa entre las dos guerras - 7. Del imperio de los zares a la revoluci&#xF3;n rusa. Construcci&#xF3;n y derrumbe de la Uni&#xF3;n Sovi&#xE9;tica - 8. Estados Unidos y la crisis de 1929 - 9. El mundo al t&#xE9;rmino de la segunda guerra mundial: de los a&#xF1;os de oro a la "estanflaci&#xF3;n" - 10. La guerra fr&#xED;a - 11. La crisis del petr&#xF3;leo - 12. La globalizaci&#xF3;n financiera y el nuevo orden mundial - 13. Procesos de integraci&#xF3;n econ&#xF3;mica regional</subfield>
  </datafield>
  <datafield tag="942" ind1=" " ind2=" ">
    <subfield code="c">BK</subfield>
  </datafield>
  <datafield tag="590" ind1=" " ind2=" ">
    <subfield code="a">niveau_biblio:m niveau_hierar:0</subfield>
  </datafield>
  <datafield tag="100" ind1="1" ind2=" ">
    <subfield code="a">Monserrat Llair&#xF3;, Mar&#xED;a de</subfield>
  </datafield>
  <datafield tag="700" ind1="1" ind2=" ">
    <subfield code="a">D&#xED;az, Marcela V.</subfield>
  </datafield>
  <datafield tag="856" ind1="4" ind2="1">
    <subfield code="u">https://biblioeco.unsa.edu.ar/pmb/images/libros/Historia economica y social del mundo contemporaneo-l118596.jpg</subfield>
    <subfield code="y">Imagen de portada</subfield>
    <subfield code="q">image/jpeg</subfield>
  </datafield>
  <datafield tag="999" ind1=" " ind2=" ">
    <subfield code="c">500</subfield>
    <subfield code="d">500</subfield>
  </datafield>
  <datafield tag="952" ind1=" " ind2=" ">
    <subfield code="0">0</subfield>
    <subfield code="1">0</subfield>
    <subfield code="4">0</subfield>
    <subfield code="7">0</subfield>
    <subfield code="a">BCEJYS</subfield>
    <subfield code="b">BCEJYS</subfield>
    <subfield code="c">16</subfield>
    <subfield code="d">2026-04-07</subfield>
    <subfield code="l">0</subfield>
    <subfield code="o">94:33 M754</subfield>
    <subfield code="p">L118596</subfield>
    <subfield code="r">2026-04-07 15:54:40</subfield>
    <subfield code="w">2026-04-07</subfield>
    <subfield code="y">L</subfield>
  </datafield>
</record>
